| Tag |
First Indicator |
Second Indicator |
Subfields |
| LEADER |
00000pam a2200000 i 4500 |
| 001 |
in00000097271 |
| 005 |
20150925114636.0 |
| 008 |
781122s1979 enk b 00110 eng |
| 010 |
|
|
|a 78072092
|
| 020 |
|
|
|a 0521224381
|
| 035 |
|
|
|a (OCoLC)04492377
|
| 035 |
|
|
|9 AAL2727AM
|
| 040 |
|
|
|a DLC
|c DLC
|d TXA
|d UtOrBLW
|
| 043 |
|
|
|a mm-----
|
| 049 |
|
|
|a TXAM
|c [980830]
|
| 050 |
0 |
0 |
|a DF531
|b .N5
|
| 082 |
0 |
|
|a 949.5/04
|
| 100 |
1 |
|
|a Nicol, Donald MacGillivray.
|
| 245 |
1 |
0 |
|a Church and society in the last centuries of Byzantium /
|c Donald M. Nicol.
|
| 264 |
|
1 |
|a Cambridge [England] ;
|a New York :
|b Cambridge University Press,
|c 1979.
|
| 300 |
|
|
|a 162 pages ;
|c 22 cm.
|
| 336 |
|
|
|a text
|b txt
|2 rdacontent
|
| 337 |
|
|
|a unmediated
|b n
|2 rdamedia
|
| 338 |
|
|
|a volume
|b nc
|2 rdacarrier
|
| 490 |
1 |
|
|a The Birkbeck lectures ;
|v 1977
|
| 500 |
|
|
|a Includes index.
|
| 504 |
|
|
|a Bibliography: pages 134-155.
|
| 651 |
|
0 |
|a Byzantine Empire
|x Civilization.
|
| 651 |
|
0 |
|a Byzantine Empire
|x History.
|
| 830 |
|
0 |
|a Birkbeck lectures ;
|v 1977.
|
| 999 |
|
|
|a MARS
|
| 999 |
f |
f |
|s 720dc7a7-7f69-3caa-9fa5-0aaa183af52f
|i 49b94c71-28da-3663-bda1-63beae5ee273
|t 0
|
| 952 |
f |
f |
|p normal
|a Texas A&M University
|b College Station
|c Sterling C. Evans Library
|d Evans: Library Stacks
|t 0
|e DF531 .N5
|h Library of Congress classification
|i unmediated -- volume
|m A14801984741
|
| 998 |
f |
f |
|a DF531 .N5
|t 0
|l Evans: Library Stacks
|